Missing Word: Newsroom Cast Quiz Stats

 Plays Quiz not verified by Sporcle

Score 0/20 Timer 03:00
0 Plays Today
Hint Missing Word % Correct
Jeff Daniels (Will)Dumb
100%
Sam Waterston (Charlie)Great
95.3%
Emily Mortimer (MacKenzie)Pink
91.7%
Emily Mortimer (MacKenzie)Island
82.4%
Alison Pill (Maggie)Scott
80.3%
Alison Pill (Maggie)Real
77.7%
Sam Waterston (Charlie)Man
73.6%
Alison Pill (Maggie)Love
73.6%
Emily Mortimer (MacKenzie)Lost
62.2%
Alison Pill (Maggie)Midnight
52.3%
Hint Missing Word % Correct
Jeff Daniels (Will)Fly
49.7%
Emily Mortimer (MacKenzie)Point
48.2%
Emily Mortimer (MacKenzie)Lars
47.7%
Sam Waterston (Charlie)Fields
46.6%
Sam Waterston (Charlie)Gate
44.6%
Jeff Daniels (Will)Whale
42.5%
Jeff Daniels (Will)Play
30.1%
Jeff Daniels (Will)Days
26.4%
Alison Pill (Maggie)Pieces
20.2%
Sam Waterston (Charlie)Mom
13%

You're not logged in!

Compare scores with friends on all Sporcle quizzes.
OR
Log In

Sporcle TV

Today on Sporcle TV


Watch our educational content, quiz creation guides, and fun videos on Sporcle TV.

Show Comments

Extras

Top Quizzes Today


Score Distribution

Your Account Isn't Verified!

In order to create a playlist on Sporcle, you need to verify the email address you used during registration. Go to your Sporcle Settings to finish the process.

Report this User

Report this user for behavior that violates our Community Guidelines.

Details: